| 000 | 03046nam0a2200373 4500 | ||
|---|---|---|---|
| 001 | RU\NLR\BIBL_A\016237516 | ||
| 005 | 20260408215625.0 | ||
| 010 |
_a978-5-04-166481-7 _92000 |
||
| 021 |
_aRU _b2022-81022 _9КН-П-7108 |
||
| 035 | _a(RuMoRGB)011385176 | ||
| 035 | _a(NLR Aleph) 016237516 | ||
| 090 |
_a12787046 _c12787046 |
||
| 100 | _a20221214d2022 |||y0rusy50 ca | ||
| 101 | 1 |
_arus _ceng |
|
| 102 | _aRU | ||
| 105 | _aa z 001zy | ||
| 181 | 0 |
_ai _baxxe |
|
| 182 | 0 | _an | |
| 200 | 1 |
_aКолдовские кристаллы _eмагические ритуалы, заклинания и практики _fЭлайза Мабель _g[перевод с английского К. Чайковской] |
|
| 203 |
_aТекст _bвизуальный _cнепосредственный |
||
| 210 |
_aМосква _cЭксмо _d2022 |
||
| 215 |
_a263 с. _cцв. ил. _d22 |
||
| 225 | 1 | _aРозовый кварц | |
| 320 | _aАлф. указ.: с. 255-262 | ||
| 330 | _aИспользуйте силу кристаллов в своих магических практиках! Кристаллы обладают уникальной способностью накапливать, концентрировать и направлять магическую энергию. Любое заклинание, если творить его, используя соответствующий кристалл, будет многократно усилено. Из этого иллюстрированного руководства вы узнаете, как выбирать, очищать и активировать кристаллы; что делать для расширения магических возможностей своих кристаллов; какие кристаллы соответствуют праздникам Колеса года; а также как создавать кристаллические решётки, амулеты, свечи и мыло. Здесь собраны подробные описания 30 основных кристаллов, а также обзоры магических свойств и областей применения ещё 100 дополнительных кристаллов и их разновидностей. Не зависимо от того, как именно вы привыкли колдовать, большой ли у вас магический опыт или вы только начинаете свой ведьмовской путь, в этой книге вы найдёте заклинания и ритуалы на все случаи жизни - для каждой ведьмы | ||
| 333 | _a16+ | ||
| 606 |
_aСамоцветы _xМагическое применение _3RU\NLR\AUTH\6601751770 _92663743 |
||
| 675 |
_a133.4 _v4 |
||
| 686 | 1 | _aЭ240.27 | |
| 700 | 1 |
_aМабель _bЭ. _gЭлайза |
|
| 942 | _cBOOK | ||
| 980 | _aNB | ||